| 000 | 00437cam a2200181ua 4500 | ||
|---|---|---|---|
| 020 | _cRs.28 | ||
| 041 |
_aeng _h |
||
| 082 |
_a338.9 _bMAL/PR |
||
| 100 | _aMalebacum, wilfred, . | ||
| 245 | 0 | 0 | _aprospects year indian devolopment |
| 260 |
_a : _bGeoephe Allen Ltd , _c1962. |
||
| 300 | _a ; . | ||
| 365 | _aRs.28 | ||
| 504 | _a | ||
| 650 | _aDevolopment theory/Govement programme/ | ||
| 942 | _cBK | ||
| 999 |
_c11159 _d11159 |
||